00374nam a2200157Ia 4500008004100000082002000041100001800061245002300079250000600102260001800108300000800126600001800134630002300152700001800175730002300193151018s9999 xx 000 0 und d bRBASDV1862a823 aH. Martineau aFeats on the Fiord b1 bg.bell & sons a158 aH. Martineau aFeats on the Fiord aH. Martineau aFeats on the Fiord